El refugio de la memoria / (Registro nro. 180181)

Detalles MARC
000 -LEADER
campo de control de longitud fija 00792nam a2200253 i 4500
001 - NÚMERO DE CONTROL
campo de control 180181
003 - IDENTIFICADOR DE NÚMERO DE CONTROL
campo de control ES-MaACL
005 - FECHA Y HORA DE LA ÚLTIMA TRANSACCIÓN
campo de control 20230929114850.0
008 - DATOS DE LONGITUD FIJA--INFORMACIÓN GENERAL
campo de control de longitud fija 120511s2011 sp |||| |aspa d
020 ## - NÚMERO INTERNACIONAL ESTÁNDAR DEL LIBRO
Número Internacional Estándar del Libro 978-84-306-0817-1
080 ## - NÚMERO DE LA CLASIFICACIÓN DECIMAL UNIVERSAL
Número de la Clasificación Decimal Universal 929Judt, Tony
100 1# - ENTRADA PRINCIPAL--NOMBRE DE PERSONA
Nombre de persona Judt, Tony (
Fechas asociadas al nombre 1948-2010)
9 (RLIN) 148807
245 13 - MENCIÓN DEL TÍTULO
Título El refugio de la memoria /
Mención de responsabilidad, etc. Tony Judt ; traducción de Juan Ramón Azaola.
260 ## - PUBLICACIÓN, DISTRIBUCIÓN, ETC.
Lugar de publicación, distribución, etc. [Madrid] :
Nombre del editor, distribuidor, etc. Taurus,
Fecha de publicación, distribución, etc. [2011]
300 ## - DESCRIPCIÓN FÍSICA
Extensión 240 p. ;
Dimensiones 22 cm.
490 1# - MENCIÓN DE SERIE
Mención de serie Pensamiento
600 17 - PUNTO DE ACCESO ADICIONAL DE MATERIA--NOMBRE DE PERSONA
Nombre de persona Judt, Tony (
Fechas asociadas al nombre 1948-2010)
9 (RLIN) 148807
700 1# - ENTRADA AGREGADA--NOMBRE PERSONAL
Nombre de persona Azaola, Juan R.
9 (RLIN) 150007
830 0# - PUNTO DE ACCESO ADICIONAL DE SERIE-TÍTULO UNIFORME
Título uniforme Pensamiento
9 (RLIN) 178722
852 ## - LOCALIZACIÓN
Ubicación ES-MaACL
itemnumber 187091
Sublocalización o colección R.147072
Número de control de estantería A-12091
Signatura antigua Olim: N-5096
Ubicación en estantería Depósito 1
942 ## - ELEMENTOS DE ENTRADA SECUNDARIOS (KOHA)
Fuente del sistema de clasificación o colocación Clasificación decimal universal
Tipo de ítem Koha Libro impreso
Existencias
Estatus retirado Estado de pérdida Fuente del sistema de clasificación o colocación Estado de daño No para préstamo Biblioteca de origen Biblioteca actual Ubicación en estantería Fecha de adquisición Fuente de adquisición Total de préstamos Signatura topográfica completa Código de barras Visto por última vez Precio de reemplazo Tipo de ítem Koha
    Clasificación decimal universal     Biblioteca del Ateneo de Madrid Biblioteca del Ateneo de Madrid Depósito 1 11/05/2012 Compra   A-12091 1189322 23/02/2023 23/02/2023 Libro impreso